| 000 | 01170cad a22002415a 4500 | ||
|---|---|---|---|
| 001 | E148025 | ||
| 008 | 090714e20090612xxkb f s000 0 eng d | ||
| 035 | _a(Sirsi) u148025 | ||
| 041 | 0 | _aeng | |
| 050 | 0 | 4 | _a306.1 $2 18 |
| 100 | 1 | _aBerry, Kate | |
| 245 | 0 | 0 |
_aHousing _bsubject profile _h[electronic resource] |
| 260 |
_aEdinburgh _bScottish Parliament _c2009 |
||
| 490 | 0 |
_aSPICe Briefing _v(09/42) 12 June 2009 |
|
| 505 | 2 | _aExecutive summary -- Introduction -- Key legislation -- Key bodies -- Social landlord functions -- Funding of social rented housing -- The private housing sector -- Appendix 1: main components of the Affordable Housing Investment Programme -- Sources | |
| 520 | _aGives an introduction to housing in Scotland, discussing the legislative and administrative framework and highlighting recent developments in policy. | ||
| 521 | _aAdvanced | ||
| 590 | _aKA | ||
| 651 | 4 |
_aScotland _y1999- |
|
| 690 | _aPROPERTY-RESIDENTIAL PROPERTY-DOMESTIC RESIDENTIAL PROPERTY-HOUSING | ||
| 856 | 4 | 0 |
_uhttps://www.scottish.parliament.uk/business/research/date/index.htm _zView the briefing free of charge at www.scottish.parliament.uk... |
| 942 | _n0 | ||
| 999 |
_c109848 _d109848 |
||